000 00460nam a2200181Ia 4500
001 636
005 20260306140532.0
008 260306t2020||||xx |||||||||||||| ||spa||
041 _aESP
082 _a128
_bT72
100 _aTorralba Roselló, Francesc
_eAUT
245 0 _aFormar personas :
_bla teología de la educación de Edith Stein
260 _c2020
300 _a421 páginas :
_c20 cm.
650 _aGEN
654 _aCHU
942 _cLIB
_dJUS
_fJUS
_2ddc
_n
999 _c636
_d636